初電が7時以降のJR駅 - Statistics

General Stats
  • This quiz has been taken 10 times
  • The average score is 33 of 116
Answer Stats
道県 駅名 時刻 種別・行き先 % Correct
北海道 トマム 07:41 特急 札幌
70%
北海道 占冠 07:55 特急 札幌
70%
北海道 根室 08:27 釧路
70%
北海道 小幌 08:35 長万部
70%
広島県 07:15 三次
60%
北海道 西和田 08:38 釧路
60%
神奈川県 大川 07:18 鶴見
50%
北海道 昆布盛 08:43 釧路
50%
北海道 落石 08:48 釧路
50%
北海道 別当賀 09:02 釧路
50%
北海道 厚床 09:17 釧路
50%
北海道 姉別 09:23 釧路
50%
北海道 浜中 09:34 釧路
50%
北海道 茶内 09:41 釧路,根室
50%
三重県 伊勢八太 07:00 松阪
40%
広島県 備後西城 07:01 三次
40%
北海道 相内 07:02 遠軽
40%
三重県 権現前 07:05 松阪
40%
北海道 白滝 07:05 遠軽
40%
北海道 西留辺蘂 07:06 網走
40%
北海道 上尾幌 07:09 釧路
40%
三重県 上ノ庄 07:09 松阪
40%
広島県 平子 07:09 三次
40%
福島県 只見 07:11 会津若松
40%
広島県 下和知 07:12 備後落合
40%
北海道 留辺蘂 07:12 遠軽
40%
北海道 別保 07:25 釧路
40%
広島県 備後庄原 07:29 備後落合,三次
40%
山形県 07:33 福島
40%
島根県 出雲坂根 08:24 備後落合
40%
広島県 油木 08:52 備後落合
40%
北海道 浜小清水 07:04 北見,釧路
30%
福井県 一乗谷 07:04 福井
30%
長野県 北小谷 07:05 南小谷
30%
福井県 越前東郷 07:09 福井
30%
福井県 足羽 07:13 福井
30%
北海道 塘路 07:15 網走,釧路
30%
北海道 山越 07:16 函館
30%
福井県 六条 07:16 福井
30%
群馬県 大前 07:17 高崎
30%
広島県 山ノ内 07:18 備後落合
30%
福島県 会津蒲生 07:20 会津若松
30%
山形県 関根 07:21 福島
30%
岩手県 区界 07:22 宮古
30%
高知県 新改 07:22 阿波池田
30%
広島県 七塚 07:22 備後落合
30%
広島県 備後三日市 07:25 備後落合
30%
北海道 丸瀬布 07:25 遠軽
30%
福島県 会津塩沢 07:27 会津若松
30%
北海道 智恵文 07:27 旭川
30%
岩手県 松草 07:30 宮古
30%
北海道 武佐 07:31 釧路
30%
北海道 瀬戸瀬 07:32 遠軽
30%
大分県 天ケ瀬 07:34 大分,久留米
30%
福島県 会津大塩 07:35 会津若松
30%
山形県 板谷 07:38 米沢
30%
福島県 本名 07:56 会津若松
30%
島根県 三井野原 08:42 備後落合
30%
高知県 江川崎 07:00 宇和島
20%
和歌山県 紀伊浦神 07:00 新宮
20%
北海道 北海道医療大学 07:01 札幌
20%
北海道 中斜里 07:02 網走
20%
北海道 緋牛内 07:02 網走
20%
山形県 羽前水沢 07:03 酒田
20%
北海道 柏林台 07:04 新得
20%
山形県 泉田 07:05 遠軽
20%
和歌山県 下里 07:05 新宮
20%
北海道 石倉 07:06 長万部
20%
北海道 茅沼 07:07 釧路
20%
山形県 羽前大山 07:08 酒田
20%
山口県 長門本山 07:08 雀田
20%
山口県 07:09 長門市
20%
北海道 八雲 07:09 特急 札幌
20%
北海道 大成 07:10 池田
20%
北海道 落部 07:11 長万部
20%
北海道 清里町 07:11 網走
20%
和歌山県 那智 07:11 紀伊田辺
20%
和歌山県 湯川 07:11 新宮
20%
熊本県 滝水 07:12 宮地
20%
和歌山県 紀伊天満 07:13 紀伊田辺
20%
山口県 玉江 07:13 長門市
20%
山口県 飯井 07:14 益田
20%
長野県 中土 07:14 南小谷
20%
北海道 西帯広 07:15 池田
20%
北海道 野田生 07:16 長万部
20%
北海道 美深 07:17 旭川
20%
北海道 札弦 07:18 網走
20%
熊本県 波野 07:20 豊後竹田,宮地
20%
山口県 三見 07:21 長門市,益田
20%
北海道 智北 07:23 旭川
20%
山形県 西袋 07:24 村上
20%
山形県 藤島 07:25 酒田
20%
大分県 豊後中川 07:28 大分
20%
福島県 会津横田 07:38 会津若松
20%
山形県 面白山高原 07:38 仙台
20%
北海道 日進 07:39 旭川
20%
宮城県 奥新川 07:48 仙台
20%
宮崎県 青井岳 08:00 南宮崎
20%
山形県 堺田 08:00 鳴子温泉
20%
島根県 八川 08:05 備後落合
20%
宮城県 中山平温泉 08:09 鳴子温泉
20%
長野県 姨捨 07:00 長野
10%
新潟県 笠島 07:02 長岡
10%
和歌山県 紀伊佐野 07:02 紀伊田辺
10%
新潟県 鯨波 07:02 妙高高原
10%
群馬県 群馬大津 07:02 群馬大津
10%
新潟県 青海川 07:05 長岡,妙高高原
10%
和歌山県 宇久井 07:06 紀伊田辺
10%
大分県 北山田 07:21 久留米
10%
大分県 豊後三芳 07:21 大分
10%
大分県 杉河内 07:26 久留米
10%
福島県 会津越川 07:45 会津若松
10%
岩手県 土沢 07:00 釜石,盛岡
0%
山形県 東長沢 07:03 鳴子温泉
0%
熊本県 葉木 07:05 八代
0%
山形県 長沢 07:06 新庄
0%
No matching quizzes found
Score Distribution
Percent of People with Each Score
Percentile by Number Answered
Your Score History
You have not taken this quiz